Toma de decisiones gerenciales /

Guardado en:
Autor Principal: Moody, Paul E.
Formato: Libro
Idioma:Spanish
English
Publicado: Bogotá ; Buenos Aires : McGraw-Hill, Latinoamericana, c1991.
Materias:
Etiquetas: Agregar Etiqueta
Sin Etiquetas, Sea el primero en etiquetar este registro!
LEADER 00751nam a22001935 4500
001 EAD.ead003246
008 080718s1991####ag############001#0#spa#d
005 20120816120441.0
245 1 0 |a Toma de decisiones gerenciales /  |c Paul E. Moody ; traducción, Silvia Gómez de Jaramillo ; revisión técnica, Alberto Narváez Rozo. 
260 |a Bogotá ;  |a Buenos Aires :  |b McGraw-Hill, Latinoamericana,  |c c1991. 
300 |a 231 p. ;  |c 21 cm. 
500 |a Traducción de: Decision making: proven methods for better decisions. 
500 |a Incluye índice. 
020 |a 9586000648 
100 1 |a Moody, Paul E. 
082 0 4 |a 658.403  |2 21 
650 7 |a Toma de decisiones.  |2 unbist 
041 1 |a spa  |h eng 
859 |a AR-BaBDC  |b BIB. ADMINISTRACION - Libros  |h 658.403  |i M774  |p b02534